Исследование комбинированного разряда в трубке с металлическими сегментами как активной среды газоразрядных лазеров; Известия Томского политехнического университета [Известия ТПУ]; Т. 313, № 4: Энергетика

Bibliographische Detailangaben
Parent link:Известия Томского политехнического университета [Известия ТПУ]/ Томский политехнический университет (ТПУ).— , 2000-
Т. 313, № 4: Энергетика.— 2008.— [С. 78-86]
1. Verfasser: Чеботарев Г. Д.
Weitere Verfasser: Латуш Е. Л., Фесенко А. А.
Zusammenfassung:Заглавие с титульного листа
Электронная версия печатной публикации
Предложен и исследован комбинированный разряд в трубке с металлическими сегментами как способ возбуждения активных сред, сочетающий свойства продольного разряда и разряда с полым катодом. При возбуждении в комбинированном разряде получена и исследована импульсная генерация на λ=585,3 нм NeI, импульсная трехволновая генерация на переходах KrII (λ=469,4; 458,3 и 431,8 нм), импульсная и квазинепрерывная трехволновая генерация на переходах CdII (λ=441,6; 533,7 и 537,8 нм), а также непрерывная генерация на λ=441,6 нм CdII. Достигнуты высокие коэффициенты усиления, существенно превышающие усиление в продольном разряде.
Sprache:Russisch
Veröffentlicht: 2008
Schriftenreihe:Энергетика
Schlagworte:
Online-Zugang:http://www.lib.tpu.ru/fulltext/v/Bulletin_TPU/2008/v313/i4/20.pdf
Format: MixedMaterials Elektronisch Buchkapitel
KOHA link:https://koha.lib.tpu.ru/cgi-bin/koha/opac-detail.pl?biblionumber=173635

MARC

LEADER 00000nla2a2200000 4500
001 173635
005 20231031164514.0
035 |a (RuTPU)RU\TPU\book\188316 
035 |a RU\TPU\book\188306 
090 |a 173635 
100 |a 20091229d2008 k y0rusy50 ca 
101 0 |a rus 
102 |a RU 
135 |a drnn ---uucaa 
181 0 |a i  
182 0 |a b 
200 1 |a Исследование комбинированного разряда в трубке с металлическими сегментами как активной среды газоразрядных лазеров  |b Электронный ресурс  |f Г. Д. Чеботарев, Е. Л. Латуш, А. А. Фесенко 
203 |a Текст  |c электронный 
215 |a 1 файл (428 Кб) 
225 1 |a Энергетика 
230 |a Электронные текстовые данные (1 файл : 428 Кб) 
300 |a Заглавие с титульного листа 
300 |a Электронная версия печатной публикации 
320 |a [Библиогр.: с. 85-86 (19 назв.)] 
330 |a Предложен и исследован комбинированный разряд в трубке с металлическими сегментами как способ возбуждения активных сред, сочетающий свойства продольного разряда и разряда с полым катодом. При возбуждении в комбинированном разряде получена и исследована импульсная генерация на λ=585,3 нм NeI, импульсная трехволновая генерация на переходах KrII (λ=469,4; 458,3 и 431,8 нм), импульсная и квазинепрерывная трехволновая генерация на переходах CdII (λ=441,6; 533,7 и 537,8 нм), а также непрерывная генерация на λ=441,6 нм CdII. Достигнуты высокие коэффициенты усиления, существенно превышающие усиление в продольном разряде. 
337 |a Adobe Reader 
461 1 |0 (RuTPU)RU\TPU\book\176237  |t Известия Томского политехнического университета [Известия ТПУ]  |f Томский политехнический университет (ТПУ)  |d 2000- 
463 1 |0 (RuTPU)RU\TPU\book\188285  |x 1684-8519  |t Т. 313, № 4: Энергетика  |v [С. 78-86]  |d 2008  |p 129 с. 
610 1 |a трубки 
610 1 |a металлические сегменты 
610 1 |a активные среды 
610 1 |a газоразрядные лазеры 
610 1 |a свойства 
610 1 |a продольные разряды 
610 1 |a полые катоды 
610 1 |a импульсная генерация 
610 1 |a рекомбинационные лазеры 
610 1 |a комбинированные разряды 
610 1 |a электронный ресурс 
700 1 |a Чеботарев  |b Г. Д. 
701 1 |a Латуш  |b Е. Л. 
701 1 |a Фесенко  |b А. А. 
801 1 |a RU  |b 63413507  |c 20090623  |g PSBO 
801 2 |a RU  |b 63413507  |c 20211207  |g PSBO 
856 4 |u http://www.lib.tpu.ru/fulltext/v/Bulletin_TPU/2008/v313/i4/20.pdf 
942 |c CF